000 01133cam a22003614a 4500
001 12631622
003 ost
005 20140310184242.0
008 011228s2001 nyua b 001 0 eng
010 _a 2001281498
020 _a0439304709
040 _aDLC
_cDLC
042 _apcc
_alcac
050 0 0 _aQP 143
_b.Sw936 2001
100 1 _aSwanson, Diane.
_925868
245 1 0 _aBurp! :
_bthe most interesting book you'll ever read about eating /
_cwritten by Diane Swanson ; illustrated by Rose Cowles.
260 _aNew York :
_bScholastic,
_cc2001.
300 _a40 p. :
_bcol. ill. ;
_c23 cm.
440 0 _aMysterious you
_925869
500 _aIncludes index.
521 _aG11
526 _c1050
541 _j1
562 _e1
650 0 _aNutrition
_vJuvenile literature.
_929169
650 0 _aDigestion
_vJuvenile literature.
_929170
650 1 _aNutrition.
_98394
650 1 _aDigestion.
_925872
700 1 _aCowles, Rose,
_eill.
_929171
906 _a7
_bcbc
_corignew
_d3
_encip
_f20
_gy-gencatlg
942 _2lcc
_cBK-SCHOLAS
_kSCHO
999 _c33282
_d33282